Wood anatomy of Hevea brasiliensis (Record no. 49382)

MARC details
000 -LEADER
fixed length control field 00437nam a2200133Ia 4500
100 ## - MAIN ENTRY--AUTHOR NAME
Personal name Panikkar A.O.N.
245 #0 - TITLE STATEMENT
Title Wood anatomy of Hevea brasiliensis
260 ## - PUBLICATION, DISTRIBUTION, ETC. (IMPRINT)
Name of publisher International Rubber Conference, 23-28 November 1980, Rubber Research Institute of India, Kottayam, India.
Year of publication 1980
650 ## - SUBJECT ADDED ENTRY--TOPICAL TERM
Topical Term Rubber wood anatomy
700 ## - ADDED ENTRY--PERSONAL NAME
Personal name Deshpande B.D.
700 ## - ADDED ENTRY--PERSONAL NAME
Personal name Premakumari D.
942 ## - ADDED ENTRY ELEMENTS (KOHA)
Koha item type Bibliography STAF
Holdings
Withdrawn status Lost status Damaged status Not for loan Home library Current library Shelving location Date acquired Koha item type
      Bibliography RRII Library RRII Library Botany 09/04/2014 Bibliography STAF